| 000 | 00541nam a2200205 a 4500 | ||
|---|---|---|---|
| 001 | 488480 | ||
| 005 | 20180123034743.0 | ||
| 008 | 841025s1979 txua 001 0 eng | ||
| 010 | _a 84179648 | ||
| 020 | _a0933028083 (pbk.) | ||
| 040 |
_aDLC _cDLC _dDLC |
||
| 041 | _aeng | ||
| 080 | _a330.17 | ||
| 082 | 0 | 0 |
_a330.17 PEJ _219 |
| 100 | 1 | _a19 | |
| 101 | _aSHP | ||
| 245 | 1 | 0 |
_aFundamentals of economics : _cby Svetozar Pejovich. |
| 906 |
_a7 _bcbc _corignew _d2 _encip _f19 _gy-gencatlg |
||
| 942 |
_2ddc _cBK |
||
| 999 |
_c40716 _d40716 |
||